| 000 | 00697nam a22002417a 4500 | ||
|---|---|---|---|
| 999 |
_c3692 _d3692 |
||
| 001 | 20201 | ||
| 003 | BD-DhUAP | ||
| 005 | 20200311145907.0 | ||
| 008 | 200310s1989 nyu b 001 0 eng | ||
| 020 | _a0393957365 (v. 1) | ||
| 040 |
_aDLC _cDLC _dBD-DhUAP _bEng |
||
| 082 | 0 | 0 |
_223 _a810.8 NOR |
| 245 | 0 | 4 |
_aThe Norton anthology of American literature / _cedited by Nina Baym ... [et al.]. |
| 250 | _a3rd ed. | ||
| 260 |
_aNew York : _bNorton, _cc1989. |
||
| 300 |
_avolumes ; _c23 cm. |
||
| 504 | _aIncludes bibliographies and indexes. | ||
| 505 | _aV. 1-- | ||
| 650 | 0 | _aAmerican literature. | |
| 651 | 0 |
_aUnited States _xLiterary collections. |
|
| 700 | 1 | _aBaym, Nina. | |
| 942 |
_2ddc _cBK |
||